| 000 | 00678nam a2200205 i 4500 | ||
|---|---|---|---|
| 001 | 52303 | ||
| 003 | ES-MaACL | ||
| 005 | 20250811111752.0 | ||
| 007 | t| | ||
| 008 | 030827s1973 sp ||||1| spa d | ||
| 100 | 1 |
_aChávarri, Raúl, _d1929-1984 _9161889 |
|
| 245 | 1 | 3 |
_aLa pintura española actual / _cRaúl Chávarri. |
| 260 |
_aMadrid : _bIbérico Europea de Ediciones, _c[1973] |
||
| 300 |
_a426 p., 40 lám. neg. y col. : _bil. ; _c33 cm. |
||
| 490 | 1 | _aColección arte Contemporáneo | |
| 650 | 4 |
_aPintura española- _yS.XX. _916042 |
|
| 830 | 0 | 0 |
_aColección arte contemporáneo _9230200 |
| 852 |
_aES-MaACL _jC-55864 _bR.88437 |
||
| 999 |
_c52303 _d52303 |
||